<?xml version="1.0" encoding="utf-8"?>
<?xml-stylesheet type='text/xsl' href='./oai2.xsl'?>
<OAI-PMH xmlns="http://www.openarchives.org/OAI/2.0/" xmlns:xsi="http://www.w3.org/2001/XMLSchema-instance" xsi:schemaLocation="http://www.openarchives.org/OAI/2.0/ http://www.openarchives.org/OAI/2.0/OAI-PMH.xsd">
  <responseDate>2026-06-06T10:04:42Z</responseDate>
  <request verb="GetRecord" metadataPrefix="marcxml" identifier="record_kuniweb_414319">https://kulturerbe.niedersachsen.de/oai</request>
  <GetRecord>
    <record>
      <header>
        <identifier>record_kuniweb_414319</identifier>
        <datestamp>2026-03-31T19:09:18Z</datestamp>
        <setSpec>slg0184</setSpec>
      </header>
      <metadata>
        <marc:record xmlns:marc="http://www.loc.gov/MARC21/slim" xsi:schemaLocation="http://www.loc.gov/MARC21/slim http://www.loc.gov/standards/marcxml/schema/MARC21slim.xsd">
          <marc:leader>12345nkm  22     uu 4500</marc:leader>
          <marc:controlfield tag="001">414319</marc:controlfield>
          <marc:controlfield tag="003">http://kuniweb.gbv.de</marc:controlfield>
          <marc:controlfield tag="005">2018-01-26T13:00:26</marc:controlfield>
          <marc:controlfield tag="008">|           ||||||||||||||||||||||</marc:controlfield>
          <marc:datafield tag="245" ind1="1" ind2="0">
            <marc:subfield code="a">Entwurf einer Kaserne - Ansicht der Straßenseite</marc:subfield>
          </marc:datafield>
          <marc:datafield tag="720" ind1=" " ind2=" ">
            <marc:subfield code="a">Peter Joseph Krahe</marc:subfield>
          </marc:datafield>
          <marc:datafield tag="655" ind1=" " ind2="7">
            <marc:subfield code="a">Grafik</marc:subfield>
          </marc:datafield>
          <marc:datafield tag="046" ind1=" " ind2=" ">
            <marc:subfield code="k">1791</marc:subfield>
            <marc:subfield code="k">1791</marc:subfield>
          </marc:datafield>
          <marc:datafield tag="260" ind1=" " ind2=" ">
            <marc:subfield code="g">1791</marc:subfield>
            <marc:subfield code="g">1791</marc:subfield>
          </marc:datafield>
          <marc:datafield tag="300" ind1=" " ind2=" ">
            <marc:subfield code="a">Breite: 67,6 cm
Höhe: 25,7 cm</marc:subfield>
          </marc:datafield>
          <marc:datafield tag="520" ind1=" " ind2=" ">
            <marc:subfield code="a">Die Fassaden der seitlichen Häuser stehen im Kontrast zu dem etwas zurückliegenden Zwischentrakt: über glattem Sockelstreifen gequaderte Wandflächen mit eingeschnittenen Öffnungen, in 2/3 der Höhe ein glattes Profil als Sohlbank der Obergeschoßfenster, über den Fenstern des EGs eingetiefte Lünetten, in welche die gestuften Keilsteine der Fensterstürze eingreifen. Vorspringende Traufe, flachgeneigte Walmdächer und breite Schornsteinköpfe. In der Mitte und den beiden äußeren Achsen des Zwischentraktes drei hohe, mit Quaderketten gerahmte Bogenöffnungen als Durchfahrten, die Wandflächen zwischen ihnen durch horizontale Fugen und je drei Okuli in Kämpferhöhe gegliedert, eingeschnittene Fenster (17 Achsen) des OG, durchlaufende Profile und Dach wie bei den Eckhäusern.  (Dorn, Bd. 2, S. 153, Kat. 329; Städtisches Museum Braunschweig)

Aufschrift:
Krahe 44 (Roter Stempel und Tuschenummerierung oben rechts)

Aufschrift:
"Erbaut in Coblenz durch P K" "erbaut durch P. Kr. in Koblenz" (Beschriftung (Bleistift, Fr. M. Krahe) (Bleistift, C. Claußen?))

Beschrieben in:
R. Dorn, „Bauten und Projekte Peter Joseph Krahes in Düsseldorf, Koblenz, Hannover und Braunschweig 1787 - 1806 : Untersuchungen des zeichnerischen Nachlasses und beschreibender Katalog. Peter Joseph Krahe / Leben und Werk ; Bd. 2“. Klinkhardt &amp; Biermann, Braunschweig, 1971. (S. 153, Kat. 329)</marc:subfield>
          </marc:datafield>
          <marc:datafield tag="650" ind1="1" ind2=" ">
            <marc:subfield code="a">Graphik</marc:subfield>
          </marc:datafield>
          <marc:datafield tag="650" ind1="1" ind2=" ">
            <marc:subfield code="a">Kaserne</marc:subfield>
          </marc:datafield>
          <marc:datafield tag="650" ind1="1" ind2=" ">
            <marc:subfield code="a">Grafik, Fotografie &gt; Zeichnung</marc:subfield>
          </marc:datafield>
          <marc:datafield tag="650" ind1="1" ind2=" ">
            <marc:subfield code="a">Zeichnung/Grafik</marc:subfield>
          </marc:datafield>
          <marc:datafield tag="650" ind1="1" ind2=" ">
            <marc:subfield code="a">Koblenz (Rheinland-Pfalz)</marc:subfield>
          </marc:datafield>
          <marc:datafield tag="773" ind1="0" ind2=" ">
            <marc:subfield code="t">Sammlung Grafik</marc:subfield>
          </marc:datafield>
          <marc:datafield tag="852" ind1=" " ind2=" ">
            <marc:subfield code="a">Städtisches Museum Braunschweig</marc:subfield>
          </marc:datafield>
          <marc:datafield tag="" ind1=" " ind2=" ">
            <marc:subfield code="a">Namensnennung - Nicht kommerziell - Keine Bearbeitungen 4.0 International (CC BY-NC-ND 4.0)</marc:subfield>
          </marc:datafield>
        </marc:record>
      </metadata>
    </record>
  </GetRecord>
</OAI-PMH>
